Republic of Lithuania : Report on the Observance of Standards and Codes-Fiscal Transparency Module.

This report examines the Observance of Standards and Codes on Fiscal Transparency for the Republic of Lithuania. Lithuania's fiscal institutional framework meets many requirements of the Code of Good Practices on Fiscal Transparency. Important strengths are clearly defined roles and responsibil...

وصف كامل

التفاصيل البيبلوغرافية
مؤلف مشترك: International Monetary Fund
التنسيق: دورية
اللغة:English
منشور في: Washington, D.C. : International Monetary Fund, 2002.
سلاسل:IMF Staff Country Reports; Country Report ; No. 2002/250
الوصول للمادة أونلاين:Full text available on IMF
LEADER 01667cas a2200241 a 4500
001 AALejournalIMF002199
008 230101c9999 xx r poo 0 0eng d
020 |c 5.00 USD 
020 |z 9781451824087 
022 |a 1934-7685 
040 |a BD-DhAAL  |c BD-DhAAL 
110 2 |a International Monetary Fund. 
245 1 0 |a Republic of Lithuania :   |b Report on the Observance of Standards and Codes-Fiscal Transparency Module. 
264 1 |a Washington, D.C. :  |b International Monetary Fund,  |c 2002. 
300 |a 1 online resource (32 pages) 
490 1 |a IMF Staff Country Reports 
500 |a <strong>Off-Campus Access:</strong> No User ID or Password Required 
500 |a <strong>On-Campus Access:</strong> No User ID or Password Required 
506 |a Electronic access restricted to authorized BRAC University faculty, staff and students 
520 3 |a This report examines the Observance of Standards and Codes on Fiscal Transparency for the Republic of Lithuania. Lithuania's fiscal institutional framework meets many requirements of the Code of Good Practices on Fiscal Transparency. Important strengths are clearly defined roles and responsibilities of the three branches of government; limited scope for quasi-fiscal activity at the central government level; and binding debt rules for all levels of government. The reforms that are being implemented promise to ultimately move Lithuania toward best practices in several areas. 
538 |a Mode of access: Internet 
830 0 |a IMF Staff Country Reports; Country Report ;  |v No. 2002/250 
856 4 0 |z Full text available on IMF  |u http://elibrary.imf.org/view/journals/002/2002/250/002.2002.issue-250-en.xml  |z IMF e-Library